Co-operation For H.S. Course (XII) (Record no. 793376)

MARC details
000 -LEADER
fixed length control field 00497nam a2200193Ia 4500
008 - FIXED-LENGTH DATA ELEMENTS--GENERAL INFORMATION
fixed length control field 101110s9999 xx 000 0 und d
041 ## - LANGUAGE CODE
Language code of text/sound track or separate title ENGLISH
082 ## - DEWEY DECIMAL CLASSIFICATION NUMBER
Item number JR15
Classification number 334
100 ## - MAIN ENTRY--PERSONAL NAME
Personal name Acharya, Govekar, Hardas
245 ## - TITLE STATEMENT
Title Co-operation For H.S. Course (XII)
365 ## - TRADE PRICE
Price amount 3.3
520 ## - SUMMARY, ETC.
Summary, etc Economics
546 ## - LANGUAGE NOTE
Language note ENGLISH
630 ## - SUBJECT ADDED ENTRY--UNIFORM TITLE
Uniform title Co-operation For H.S. Course (XII)
650 ## - SUBJECT ADDED ENTRY--TOPICAL TERM
Topical term or geographic name as entry element Economics
655 ## - INDEX TERM--GENRE/FORM
Genre/form data or focus term Economics
730 ## - ADDED ENTRY--UNIFORM TITLE
Uniform title Co-operation For H.S. Course (XII)
942 ## - ADDED ENTRY ELEMENTS (KOHA)
Koha item type Book
Holdings
Withdrawn status Lost status Damaged status Not for loan Home library Current library Shelving location Date acquired Cost, normal purchase price Shelving control number Total Checkouts Barcode Date last seen Price effective from Koha item type
        D. B. J. College, Chiplun D. B. J. College, Chiplun   11/11/2010 3.30     DBJJR15 11/11/2010 11/11/2010 Book